| 000 | 00424nam a2200181Ia 4500 | ||
|---|---|---|---|
| 001 | 23064 | ||
| 005 | 20260414150912.0 | ||
| 008 | 260414t2011||||xx |||||||||||||| ||spa|| | ||
| 041 | _aESP | ||
| 082 |
_a624.1821 _bW57 |
||
| 100 |
_aWilliams, Alan _eAUT |
||
| 245 | 0 |
_aSteel structures design _b |
|
| 260 | _c2011 | ||
| 300 |
_axxvi, 546 páginas : _c24 cm. |
||
| 650 | _a0 | ||
| 654 | _aCIC | ||
| 942 |
_cLIB _dJUS _fJUS _2ddc _n |
||
| 999 |
_c23064 _d23064 |
||